Catálogo público

Manual de plantas de pasteurización / (Record no. 172696)

MARC details
000 -CABECERA
campo de control de longitud fija 01027nam a2200313Ia 4500
001 - NÚMERO DE CONTROL
campo de control dia_2154
003 - IDENTIFICADOR DEL NÚMERO DE CONTROL
campo de control CHAP
005 - FECHA Y HORA DE LA ÚLTIMA TRANSACCIÓN
campo de control 20230313110805.0
008 - DATOS DE LONGITUD FIJA--INFORMACIÓN GENERAL
campo de control de longitud fija 220117s1971 xx 000 0 und d
010 ## - NÚMERO DE CONTROL DE LA BIBLIOTECA DEL CONGRESO
Número de control de LC 172696
040 ## - FUENTE DE LA CATALOGACIÓN
Centro/agencia transcriptor CHAP
082 ## - NÚMERO DE LA CLASIFICACIÓN DECIMAL DEWEY
Número de clasificación 637.1333 S63 1971
110 ## - ENTRADA PRINCIPAL--NOMBRE DE ENTIDAD CORPORATIVA
Nombre de entidad corporativa o nombre de jurisdicción como elemento de entrada The Society of Dairy Technology
9 (RLIN) 152339
245 ## - MENCIÓN DE TÍTULO
Título Manual de plantas de pasteurización /
Mención de responsabilidad, etc. The Society of Dairy Technology ; traducción José María Tarragona Vilas
260 ## - PUBLICACIÓN, DISTRIBUCIÓN, ETC.
Lugar de publicación, distribución, etc. España :
Nombre del editor, distribuidor, etc. Acribia,
Fecha de publicación, distribución, etc. 1971
300 ## - DESCRIPCIÓN FÍSICA
Extensión 126 p.
500 ## - NOTA GENERAL
Nota general Título original: Pasteurising plant manual
503 ## - NOTA DE HISTORIA BIBLIOGRÁFICA (BK CF MU) [OBSOLETO]
Nota de historia bibliográfica D. (ej. 2 y 3)
504 ## - NOTA DE BIBLIOGRAFÍA, ETC.
Nota de bibliografía, etc. Incluye bibliografía
590 ## - NOTA LOCAL (RLIN)
Nota local SF259 S63 1971
650 ## - PUNTO DE ACCESO ADICIONAL DE MATERIA--TÉRMINO DE MATERIA
Término de materia o nombre geográfico como elemento de entrada Leche
Subdivisión general Pasteurización
9 (RLIN) 148127
650 ## - PUNTO DE ACCESO ADICIONAL DE MATERIA--TÉRMINO DE MATERIA
Término de materia o nombre geográfico como elemento de entrada Leche
Subdivisión general Plantas
9 (RLIN) 152340
700 ## - PUNTO DE ACCESO ADICIONAL--NOMBRE DE PERSONA
Nombre de persona Tarragona Vilas, José Maria, tr.
9 (RLIN) 152341
710 ## - PUNTO DE ACCESO ADICIONAL--NOMBRE DE ENTIDAD CORPORATIVA
Nombre de entidad corporativa o nombre de jurisdicción como elemento de entrada The Society of Dairy Technology
9 (RLIN) 152339
901 ## - ELEMENTOS DE DATOS A LOCAL LDA (RLIN)
a 637.1333 S63 1971
902 ## - ELEMENTOS DE DATOS B LOCAL, LDB (RLIN)
a M
905 ## - ELEMENTOS DE DATOS E LOCAL, LDE (RLIN)
a 5232271971 sp md 8222223322spa16
942 ## - ELEMENTOS DE PUNTO DE ACCESO ADICIONAL (KOHA)
Tipo de ítem Koha Libro
Fuente del sistema de clasificación o colocación Dewey Decimal Classification
Holdings
Estado de retiro Estado de pérdida Fuente del sistema de clasificación o colocación Estado dañado No para préstamo Código de colección Localización permanente Ubicación/localización actual Fecha de adquisición Información codificada de la localización en otra ubicación Total de préstamos Signatura topográfica completa Código de barras Fecha visto por última vez Fecha del último préstamo Número de copia Precio válido a partir de Tipo de ítem Koha Restricciones de uso Fuente de adquisición
    Dewey Decimal Classification     General Ingenieria Agroindustrial Ingenieria Agroindustrial 18/01/2022 1 2 637.1333 S63 1971 dia_004925 21/05/2025 21/05/2025 3 18/01/2022 Libro    
    Dewey Decimal Classification     General Ingenieria Agroindustrial Ingenieria Agroindustrial 24/01/1975   2 637.1333 S63 1971 dia_002111 15/05/2024 15/05/2024 Ej. 1   Libro Préstamo interno Compra Vale 290 (24-1-1975)
    Dewey Decimal Classification     General Ingenieria Agroindustrial Ingenieria Agroindustrial 18/01/2022 1 2 637.1333 S63 1971 dia_002120 08/06/2023 08/06/2023 2 18/01/2022 Libro